| 000 | 00677nam a2200241Ia 4500 | ||
|---|---|---|---|
| 003 | OSt | ||
| 005 | 20220927105432.0 | ||
| 006 | a|||||r|||| 00| 0 | ||
| 007 | ta | ||
| 008 | 220926b |||||||| |||| 00| 0 eng d | ||
| 024 | _a172602 | ||
| 037 | _cReference Collections | ||
| 040 |
_aRTL _cRTL _beng |
||
| 041 |
_2eng _aeng |
||
| 082 | _a"X61.1.P03r, P3/GD" | ||
| 110 | _aINTERNATIONAL MONETARY FUND. | ||
| 245 | 0 | _aAnnual report. | |
| 260 |
_aWashington _bD.C.IMF _c2003 |
||
| 300 |
_axvi; 211p. _ccm. |
||
| 700 | _aINTERNATIONAL MONETARY FUND. | ||
| 942 |
_h"X61.1.P03r, P3/GD" _cCC |
||
| 999 |
_c692539 _d692539 |
||